Equidistribution in Number Theory, An Introduction.
Salvato in:
| Altri autori: | , |
|---|---|
| Natura: | Sconosciuto |
| Lingua: | inglese |
| Pubblicazione: |
Dordrecht, The Netherlands:
Springer,
2007
|
| Serie: | NATO Science Series, Series II: Mathematics, Physics and Chemistry,
Vol. 237 |
| Soggetti: | |
| Accesso online: | Disponible Online |
| Tags: |
Aggiungi Tag
Nessun Tag, puoi essere il primo ad aggiungerne!!
|
MARC
| LEADER | 00000 a2200000 4500 | ||
|---|---|---|---|
| 003 | CL-VaPUC | ||
| 005 | 20230712094025.0 | ||
| 008 | 220502b2007 ||||| |||| 00| 0 eng d | ||
| 999 | |c 434027 |d 434025 | ||
| 020 | |a 9781402054020 | ||
| 040 | |c Pontificia Universidad Católica de Valparaíso | ||
| 082 | 7 | |a 512.7 GRA 2007 |2 22 | |
| 100 | |a Granville, Andrew |9 864231 |e editor | ||
| 245 | 1 | |a Equidistribution in Number Theory, An Introduction. | |
| 260 | |a Dordrecht, The Netherlands: |b Springer, |c 2007 | ||
| 300 | |a 345 páginas | ||
| 490 | |a NATO Science Series, |a Series II: Mathematics, Physics and Chemistry, |v Vol. 237 | ||
| 583 | |k Cristina María Rojas Aguilar |c 20220502 | ||
| 650 | 0 | |a Teoría de números |9 265327 | |
| 650 | 0 | |a Geometría algebraica |9 270327 | |
| 650 | 0 | |a Sistemas dinámicos |9 260496 | |
| 650 | 0 | |a Análisis de Fourier |9 260464 | |
| 700 | |a Rudnick, Zeév |e editor |9 868865 | ||
| 856 | |u http://bibliografiadigital.pucv.cl/index.php/bibliotecapucv/catalog/book/948 |y Disponible Online | ||
| 942 | |2 ddc |c BK | ||
| 952 | |0 0 |1 0 |2 ddc |4 0 |6 512_700000000000000_GRA_2007 |7 0 |8 A |9 582802 |a BIBMAT |b BIBMAT |c GEN |d 2022-05-02 |e 74 |g 236068.25 |i 5650985 |o 512.7 GRA 2007 |p 5650985 |r 2025-01-07 |t 1 |v 236068.25 |w 2022-05-02 |y BK |k MAT | ||